Statistics for Cities With the Warmest Coldest Ever Temperatures

Click here to take the quiz!

General Stats

  • This quiz has been taken 76 times
  • The average score is 15 of 25

Answer Stats

#Record LowContinentAnswer% Correct
218.9AsiaJakarta
85%
318.0AsiaKuala Lumpur
82%
119.4AsiaSingapore
82%
1910.0AsiaBangkok
80%
1511.1AfricaLagos
74%
814.5AsiaManila
74%
1213.8AsiaHo Chi Minh City
72%
1411.7AsiaMumbai
72%
1910.0AfricaKinshasa
69%
1810.1South AmericaRio de Janeiro
66%
1113.9AsiaChennai
61%
1312.8AfricaDar es Salaam
57%
714.7AfricaAbidjan
56%
238.0South AmericaLima
56%
615.0AfricaAccra
54%
416.4AsiaColombo
52%
257.8AsiaBengaluru
49%
1014.0AfricaDakar
49%
914.4AsiaSurabaya
49%
1611.0AfricaLuanda
44%
515.5AsiaMedan
44%
229.2AsiaYangon
44%
1611.0North AmericaSanto Domingo
41%
238.0South AmericaMedellín
36%
219.8AsiaJeddah
26%

Score Distribution

Percentile by Number Answered

Percent of People with Each Score

Your Score History

You have not taken this quiz